000 00218nam a22000857a 4500
082 _a297٫44 ا خ ت
100 _aمولانا حکیم محمد اختر صاحب
245 _aمعارف شمس تبریز
942 _cBK
999 _c16787
_d16787